| 000 | 00000nam##2200000za#4500 |
| 001 | 9.525184 |
| 003 | CaOODSP |
| 005 | 20200325175242 |
| 007 | ta |
| 008 | 150406|1994||||xxc||||| f|0| 0 eng|d |
| 020 | |a0-660-59779-9 |
| 040 | |aCaOODSP|beng |
| 041 | |aeng |
| 041 | |afre |
| 043 | |an-cn--- |
| 086 | 1 |aH12-21/20-S2 |
| 110 | 1 |aCanada.|bHealth Canada. |bHealth Protection Branch. |
| 245 | 10|aProceedings and recommendations of the Expert Working Group on Emerging Infectious Disease Issues: Lac Tremblant declaration |
| 260 | |aOttawa - Ontario : |bHealth Canada. |c1994. |
| 300 | |aEnglish text, 21p. |
| 490 | 1 |aCanada communicable disease report: supplement |vVol. 20S2, December, 1994 |
| 500 | |aThis supplement is being distributed with Canada communicable disease report Vol. 20, No. 23. |
| 546 | |aBilingual |
| 563 | |aSoftcover |
| 590 | |a94-50|b1994-12-16 |
| 792 | |tCompte rendu de l'atelier et recommandations du Groupe de travail d'experts sur les problèmes associés aux maladies infectieuses émergentes: déclaration du Lac Tremblant |efre|w(CaOODSP)9.525185 |
| 830 | #0|aCanada communicable disease report: supplement ;|vVol. 20S2, December, 1994|w(CaOODSP)9.509382 |